000 00697nam a22002172 4500
001 0000025479
005 20151217154549.0
008 151001s xx 000 0 eng d
020 _a0521605977 :
040 _aKABU
_cKABU
100 1 _aScott, Colin.
_@0000186134
245 1 0 _aCranston's consumers and the law /
_cColin Scott and Julia Black.
250 _a3rd ed.
260 _aCambridge :
_bCambridge University Press,
_c2000.
300 _axxxvi, 546 p.
650 0 _aConsumer protection
_xLaw and legislation
_zGreat Britain.
_@0000158669
700 1 _aBlack, Julia.
_@0000186135
852 1 _9p8500 KES
908 _a151001
950 _@1
999 _c11739
_d11739